| 000 | 00499nam a2200169Ia 4500 | ||
|---|---|---|---|
| 003 | GCL | ||
| 008 | 140319s9999 xx 000 0 ara d | ||
| 040 |
_aGCL / _cGCL |
||
| 082 | 0 | 4 |
_aد _b050 |
| 100 | 1 | _aرجب الصاوى | |
| 245 | 1 | 0 |
_aابو القاسم الشابى :شاعر الحب و الثورة(اقرا 232) / _cرجب الصاوى |
| 300 | _a109 | ||
| 490 |
_aاقرأ _v0 |
||
| 650 | 0 | 4 | _aالشعراء - تراجم |
| 650 | 0 | 4 | _aابو القاسم الشابى |
| 942 |
_2ddc _cBK |
||
| 999 |
_c49427 _d49427 |
||